La situación problemática de la disposición final de los residuos sólidos en el área metropolitana de Bucaramanga y las alternativas de solución (Registro nro. 138639)

Detalles MARC
000 -CABECERA
campo de control de longitud fija 00443nam a2200133Ia 4500
001 - NÚMERO DE CONTROL
campo de control 138639
003 - IDENTIFICADOR DEL NÚMERO DE CONTROL
campo de control 230810
005 - FECHA Y HORA DE LA ÚLTIMA TRANSACCIÓN
campo de control 20201025200408.0
008 - DATOS DE LONGITUD FIJA--INFORMACIÓN GENERAL
campo de control de longitud fija ||||||n9999 ||| || ||
100 ## - ENTRADA PRINCIPAL--NOMBRE DE PERSONA
Nombre de persona Acevedo Mantilla , Jazmín Liliana
9 (RLIN) 169636
245 #0 - MENCIÓN DE TÍTULO
Título La situación problemática de la disposición final de los residuos sólidos en el área metropolitana de Bucaramanga y las alternativas de solución
562 ## - NOTA DE IDENTIFICACIÓN DE LA COPIA Y VERSIÓN
Número de copias 1
942 ## - ELEMENTOS DE PUNTO DE ACCESO ADICIONAL (KOHA)
Tipo de ítem Koha Tesis
Existencias
Estado de retiro Estado de pérdida Estado dañado No para préstamo Código de colección Localización permanente Ubicación/localización actual Coste, precio normal de compra Total de préstamos Signatura topográfica completa Código de barras Número de copia Tipo de ítem Koha
        Trabajos de Grado Bucaramanga - Sede Santander Bucaramanga - Sede Santander 0.00   SAN017 2006 SAN6556 1 Tesis